|
|
|
|
| LEADER |
01363nam a22003497a 4500 |
| 001 |
30981 |
| 003 |
BD-DhAAL |
| 005 |
20160516135509.0 |
| 008 |
160515s2007 bg 000 1 eng |
| 010 |
|
|
|a 2008307320
|
| 020 |
|
|
|a 9848715126
|
| 025 |
|
|
|a B-E-2008-307320; 08
|
| 037 |
|
|
|b Library of Congress -- New Delhi Overseas Office
|c TK350.00
|
| 040 |
|
|
|a DLC
|c DLC
|d BD-DhAAL
|
| 041 |
1 |
|
|a eng
|h ben
|
| 050 |
0 |
0 |
|a MLCS 2007/00681 (P)
|a PK1730.13.A7766
|
| 082 |
|
|
|2 22
|a 863
|
| 999 |
|
|
|c 37556
|d 37556
|
| 999 |
|
|
|c 37556
|
| 100 |
1 |
|
|a Basu, Pūrabī.
|9 19545
|
| 245 |
1 |
0 |
|a Radha will not cook today and other stories /
|c edited by Niaz Zaman.
|
| 246 |
1 |
8 |
|a Radha will not cook today
|
| 260 |
|
|
|a Dhaka :
|b writers.ink :
|b Distributed by Univ. Press,
|c 2007.
|
| 300 |
|
|
|a 131 pages. ;
|c 22 cm.
|
| 500 |
|
|
|a Short stories.
|
| 526 |
|
|
|a ENH
|
| 541 |
|
|
|e 30981, 30982
|
| 600 |
1 |
0 |
|a Basu, Pūrabī
|v Translations into English.
|9 19546
|
| 700 |
1 |
|
|a Zaman, Niaz.
|9 19547
|
| 942 |
|
|
|2 ddc
|c BK
|
| 952 |
|
|
|0 0
|1 0
|2 ddc
|4 0
|6 863_000000000000000_BAS
|7 0
|9 59002
|a BRACUL
|b BRACUL
|c GEN
|d 2016-05-15
|e Writers Ink
|g 350.00
|l 5
|m 19
|o 863 BAS
|p 3010030981
|r 2023-08-09
|s 2023-08-07
|t 1
|w 2016-05-15
|y BK
|
| 952 |
|
|
|0 0
|1 0
|2 ddc
|4 0
|6 863_000000000000000_BAS
|7 0
|9 59033
|a BRACUL
|b BRACUL
|c GEN
|d 2016-05-22
|e Writers Ink
|g 350.00
|l 4
|m 8
|o 863 BAS
|p 3010030982
|r 2020-01-26
|s 2019-11-12
|t 2
|w 2016-05-22
|y BK
|